In China the contract is an almost useless piece of paper (Record no. 82359)
[ view plain ]
| 000 -LEADER | |
|---|---|
| fixed length control field | 00588cam a22001935a 4500 |
| 001 - CONTROL NUMBER | |
| control field | L150021 |
| 008 - FIXED-LENGTH DATA ELEMENTS--GENERAL INFORMATION | |
| fixed length control field | 100524e2010 xxk 000 0 eng d |
| 035 ## - SYSTEM CONTROL NUMBER | |
| System control number | (Sirsi) u150021 |
| 041 0# - LANGUAGE CODE | |
| Language code of text/sound track or separate title | eng |
| 100 1# - MAIN ENTRY--PERSONAL NAME | |
| Personal name | McMeeken, Roxane |
| 245 00 - TITLE STATEMENT | |
| Title | In China the contract is an almost useless piece of paper |
| 260 ## - PUBLICATION, DISTRIBUTION, ETC. | |
| Date of publication, distribution, etc. | 2010 |
| 490 ## - SERIES STATEMENT | |
| Series statement | Building |
| Volume/sequential designation | 275 (8630) 21 May 2010, 42-45(4) |
| 520 ## - SUMMARY, ETC. | |
| Summary, etc. | How to do business in the world's largest infrastructure market; opportunities in China and how to win them. |
| 590 ## - LOCAL NOTE (RLIN) | |
| Local note | KA |
| 651 #4 - SUBJECT ADDED ENTRY--GEOGRAPHIC NAME | |
| Geographic name | China |
| 690 ## - LOCAL SUBJECT ADDED ENTRY--TOPICAL TERM (OCLC, RLIN) | |
| Topical term or geographic name as entry element | INFRASTRUCTURE |
| 9 (RLIN) | 6246 |
| 942 ## - ADDED ENTRY ELEMENTS (KOHA) | |
| Suppress in OPAC | 0 |
| Withdrawn status | Lost status | Source of classification or shelving scheme | Damaged status | Not for loan | Home library | Current library | Shelving location | Date acquired | Total Checkouts | Full call number | Barcode | Date last seen | Copy number | Price effective from | Koha item type |
|---|---|---|---|---|---|---|---|---|---|---|---|---|---|---|---|
| Dewey Decimal Classification | London | London | Journal article | 24/05/2010 | L150021 | 150021-1001 | 06/08/2019 | 1 | 06/08/2019 | Journal article |